La frontera chichimeca, una visión desde el siglo XXI : Seminario Permanente de Estudios de la Gran Chichimeca /

Se denomina Gran Chichimeca a la zona que se extendía al norte de los imperios azteca y tarasco, es decir entre los límites de lo que hoy es Jalisco y Guanajuato y hasta el sur de los actuales Utah y Colorado. Los mesoamericanos llamaban chichimecas a los grupos indígenas que habitaban los territori...

Deskribapen osoa

Gorde:
Xehetasun bibliografikoak
Erakunde egilea: Seminario Permanente de Estudios de la Gran Chichimeca ( México)
Beste egile batzuk: Fábregas Puig, Andrés (coordinación) (coordinación), Nájera Espinoza, Mario Alberto (coordinación) (coordinación), Ortiz Garza, José Alfredo (coordinación) (coordinación)
Formatua: Konferentzia-aktak Liburua
Hizkuntza:gaztelania
Argitaratua: Guadalajara, México : Seminario Permanente de Estudios de la Gran Chichimeca, 2007, c2007
Gaiak:
Etiketak: Etiketa erantsi
Etiketarik gabe, Izan zaitez lehena erregistro honi etiketa jartzen!

MARC

LEADER 00000nam^a2200000^a^4500
001 000288481
005 20250521000000.0
008 090128 20072007
009 20260310111910.097
020 |a 968-5557-87-X 
037 |a Acervo ITESO - Biblioteca 
041 |a ESP 
082 |a 972. 1  |b CHI 2007 
111 |a Seminario Permanente de Estudios de la Gran Chichimeca (  |d 2007 :  |c México) 
245 1 3 |a La frontera chichimeca, una visión desde el siglo XXI :  |b Seminario Permanente de Estudios de la Gran Chichimeca /  |c Ed. de A. Fábregas Puig, M.A. Nájera Espinoza, J.A. Ortiz Garza. 
264 4 |a Guadalajara, México :  |b Seminario Permanente de Estudios de la Gran Chichimeca,  |c 2007, c2007 
300 |a 301 p. 
336 |a texto  |b txt  |2 rdacontenido 
337 |a sin mediación  |b n  |2 rdamedio 
338 |a volumen  |b nc  |2 rdasoporte 
520 |a Se denomina Gran Chichimeca a la zona que se extendía al norte de los imperios azteca y tarasco, es decir entre los límites de lo que hoy es Jalisco y Guanajuato y hasta el sur de los actuales Utah y Colorado. Los mesoamericanos llamaban chichimecas a los grupos indígenas que habitaban los territorios áridos del norte y, por tanto, no se dedicaban a la agricultura y, como es evidente hoy día, tenían que luchar para dominar la naturaleza que les rodeaba y allegarse los satisfactores básicos. El seminario permanente sobre estos pueblos analiza su historia y sus características y prácticas culturales, en el pasado, pero también en relación con los habitantes actuales de esa extensa zona del país. 
649 |a XX 
650 |a Chichimecas -  |x Tema Principal 
650 |a Chichimecas -  |x Condiciones Sociales y Culturales 
650 |a Chichimecas -  |x Historia 
650 |a Tarahumaras -  |x Condiciones Sociales y Culturales 
650 |a Huicholes -  |x Condiciones Sociales y Culturales 
650 |a Indígenas de México -  |x Condiciones Sociales y Culturales 
650 |a Hombre -  |z México (Región Norte) -  |x Influencia del Medio Natural 
650 |a Interdisciplinariedad 
650 |a Agua -  |z México (Región Norte) -  |x Aspectos Económicos 
650 |a Sistemas de Riego -  |z Jalisco 
650 |a Desmonte de Tierras -  |z México -  |x Historia -  |y Epoca Colonial, 1517-1821 
650 |a Virgen de Zapopan -  |x Culto 
650 |a Excavaciones (Arqueología) -  |z Zamorelia, San Luis Potosí 
650 |a Cementerios -  |z San Luis Potosí (Ciudad) 
650 |a Templos Cristianos -  |z Colotlán, Jalisco -  |x Historia 
650 |a Cofradías -  |z Bolaños, Jalisco -  |x Historia -  |y Epoca Colonial, 1517-1821 
650 |a Fiestas Patronales -  |z México (Región Norte) -  |x Historia -  |y Epoca Colonial, 1517-1821 
650 |a Fiestas Religiosas -  |z México (Región Norte) -  |x Historia -  |y Epoca Colonial, 1517-1821 
650 |a Muerte (En Religión, Folklore, etc.) -  |z Santa María Acapulco, San Luis Potosí 
650 |a Migración -  |z Huacasco, Jalisco-EUA 
650 |a Reproducción Social -  |z Villa de Arista, San Luis Potosí 
650 |a Censos -  |z Aguascalientes -  |x Historia -  |y Epoca Colonial, 1517-1821 
650 |a Pintura Mural -  |z Aguascalientes (Ciudad) -  |x Historia y Crítica 
650 |a Danza Folklórica -  |z Guadalajara, Jalisco -  |x Historia y Crítica 
650 |a Música Tarahumara -  |x Historia y Crítica 
650 |a Música Huichola -  |x Historia y Crítica 
650 |a Literatura Huichola -  |x Historia y Crítica 
650 |a Prácticas Culturales -  |z México (Región Norte) 
650 |a Identidad Cultural -  |z México (Región Norte) 
650 |a Arqueología -  |z México (Región Norte) 
650 |a Antropología Cultural 
650 |a México (Región Norte) -  |x Condiciones Sociales y Culturales 
650 |a México (Región Norte) -  |x Historia 
700 |a Fábregas Puig, Andrés  |e (coordinación) 
700 |a Nájera Espinoza, Mario Alberto  |e (coordinación) 
700 |a Ortiz Garza, José Alfredo  |e (coordinación) 
910 |a Fondo General 
920 |a Impresos - Libros 
930 |a Colección General 
905 |a 101 
901 |a 0500175336  |b IT1  |c ACC  |i 000054  |u 20250521 
901 |a 0500175333  |b IT1  |c ACC  |u 20250521 
902 |a https://opac.biblio.iteso.mx/vufind/Record/000288481